000 00348nam a2200133Ia 4500
008 231129s1974||||xx |||||||||||||| ||spa||
040 _bspa
082 _a371.103 R511
100 _aRichardson Elizabeth
245 0 _aDinamica de grupos de trabajo para profesores
260 _c1974
264 _aEdiciones Marova-Ediciones Fax
942 _2ddc
_cBKS
999 _c9564
_d9564